| 000 | 00626nam a2200181 a 4500 | ||
|---|---|---|---|
| 001 | 000041187 | ||
| 005 | 20201002034706.0 | ||
| 008 | 130925s1981 sp 001 0 spa d | ||
| 020 | _a8474811686 | ||
| 040 |
_aDO-SdBNP _bspa _cBNPHU |
||
| 245 | 0 | 0 |
_aCorpus Documental de Carlos V / _cedición crítica dirigida, prologada y anotada por Manuel Fernández Álvarez. |
| 246 | 1 | 3 | _aCorpus documental de Carlos Quinto. |
| 260 |
_aSalamanca : _bUniversidad de Salamanca, _c1981. |
||
| 300 |
_av. ; _c25 cm. |
||
| 500 |
_av. 5 _tÍndice |
||
| 500 | _aIncluye índice | ||
| 700 | 1 |
_aFernández Álvarez, Manuel, _d1921-2010, _eed. _967754 |
|
| 999 |
_c40677 _d40677 |
||